<?xml version="1.0" encoding="UTF-8"?>
<record
    xmlns:xsi="http://www.w3.org/2001/XMLSchema-instance"
    xsi:schemaLocation="http://www.loc.gov/MARC21/slim http://www.loc.gov/standards/marcxml/schema/MARC21slim.xsd"
    xmlns="http://www.loc.gov/MARC21/slim">

  <leader>01861nam a22002417a 4500</leader>
  <controlfield tag="003">DO-SdBJH</controlfield>
  <controlfield tag="005">20250218134446.0</controlfield>
  <controlfield tag="008">250218b        |||||||| |||| 00| 0 spa d</controlfield>
  <datafield tag="040" ind1=" " ind2=" ">
    <subfield code="a">DO-SdBJH</subfield>
    <subfield code="b">spa</subfield>
    <subfield code="c">DO-SdBJH</subfield>
  </datafield>
  <datafield tag="090" ind1=" " ind2=" ">
    <subfield code="a">TG EGDC</subfield>
    <subfield code="b">02254 2023</subfield>
  </datafield>
  <datafield tag="100" ind1="1" ind2=" ">
    <subfield code="a">Reyes Ogando, Carlos Yahel</subfield>
    <subfield code="e">sustentante</subfield>
  </datafield>
  <datafield tag="245" ind1="1" ind2="0">
    <subfield code="a">Acciones del Cuerpo Especializado de Control de Combustible y Comercio de Mercanc&#xED;as (CECCOM), para contrarrestar el comercio il&#xED;cito de bebidas alcoh&#xF3;licas adulteradas en el  Gran Santo Domingo, durante el per&#xED;odo 2020-2022 / </subfield>
    <subfield code="c">Carlos Yahel Reyes Ogando, Robin Leonardo Ajcal&#xF3;n Guoz, asesores Dar&#xED;o Salvador Mont&#xE1;s Gonz&#xE1;lez, Johany Josefina Acevedo Cabrera</subfield>
  </datafield>
  <datafield tag="260" ind1=" " ind2=" ">
    <subfield code="a">Santo Domingo :</subfield>
    <subfield code="b">INSUDE, </subfield>
    <subfield code="c">2023</subfield>
  </datafield>
  <datafield tag="300" ind1=" " ind2=" ">
    <subfield code="a">xii, 57 p&#xE1;ginas, tabla</subfield>
  </datafield>
  <datafield tag="502" ind1=" " ind2=" ">
    <subfield code="a">Tesis (Especialidad  en Comando y Estado Mayor Conjunto) -- Instituto Superior para la Defensa (INSUDE).  Escuela de Graduados en Comando y Estado Mayor &#x201C;General de Divisi&#xF3;n Gregorio Luper&#xF3;n&#x201D;, 2023</subfield>
  </datafield>
  <datafield tag="504" ind1=" " ind2=" ">
    <subfield code="a">Incluye referencias bibliogr&#xE1;ficas e &#xED;ndices</subfield>
  </datafield>
  <datafield tag="505" ind1=" " ind2=" ">
    <subfield code="a">Operaciones que le atribuye la Ley al Cuerpo Especializado de Control de Combustible y Mercanc&#xED;a (CECCOM) en el sector bebidas alcoh&#xF3;licas y comercio de mercanc&#xED;as. -- Medidas de control en cuanto a la fabricaci&#xF3;n y comercializaci&#xF3;n de bebidas alcoh&#xF3;licas en Rep&#xFA;blica Dominicana, por parte del CECCOM. -- Acciones del CECCOM a fin de contrarrestar el comercio de bebidas alcoh&#xF3;licas adulteradas en el Gran Santo Domingo, per&#xED;odo 2020-2022</subfield>
  </datafield>
  <datafield tag="700" ind1="1" ind2=" ">
    <subfield code="a"> Ajcal&#xF3;n Guoz, Robin Leonardo</subfield>
    <subfield code="e">sustentante</subfield>
  </datafield>
  <datafield tag="700" ind1="1" ind2=" ">
    <subfield code="a">  Mont&#xE1;s Gonz&#xE1;lez, Dar&#xED;o Salvador</subfield>
    <subfield code="e">asesor</subfield>
  </datafield>
  <datafield tag="700" ind1="1" ind2=" ">
    <subfield code="a"> Acevedo Cabrera, Johany Josefina</subfield>
    <subfield code="e">asesor</subfield>
  </datafield>
  <datafield tag="830" ind1=" " ind2=" ">
    <subfield code="a">INSUDE. Escuela de Graduados en Comando y Estado Mayor &#x201C;General de Divisi&#xF3;n Gregorio Luper&#xF3;n&#x201D;. Tesis y disertaciones acad&#xE9;micas</subfield>
  </datafield>
  <datafield tag="942" ind1=" " ind2=" ">
    <subfield code="2">CL</subfield>
    <subfield code="c">T</subfield>
  </datafield>
  <datafield tag="999" ind1=" " ind2=" ">
    <subfield code="c">8070</subfield>
    <subfield code="d">8070</subfield>
  </datafield>
  <datafield tag="952" ind1=" " ind2=" ">
    <subfield code="0">0</subfield>
    <subfield code="1">0</subfield>
    <subfield code="2">CL</subfield>
    <subfield code="4">0</subfield>
    <subfield code="7">0</subfield>
    <subfield code="8">CG</subfield>
    <subfield code="a">BJHA</subfield>
    <subfield code="b">BJHA</subfield>
    <subfield code="d">2025-02-18</subfield>
    <subfield code="i">23-02254</subfield>
    <subfield code="l">0</subfield>
    <subfield code="o">TG EGDC 02254 2023</subfield>
    <subfield code="p">23-02254</subfield>
    <subfield code="r">2025-02-18 13:45:16</subfield>
    <subfield code="t">e.1</subfield>
    <subfield code="w">2025-02-18</subfield>
    <subfield code="y">T</subfield>
  </datafield>
</record>
